The invertebrates : (Record no. 68539)
[ view plain ]
| 000 -LEADER | |
|---|---|
| fixed length control field | 01345cam a22003251 4500 |
| 001 - CONTROL NUMBER | |
| control field | 68539 |
| 003 - CONTROL NUMBER IDENTIFIER | |
| rucl marc code | BD-RjUL |
| 005 - DATE AND TIME OF LATEST TRANSACTION | |
| control field | 20211209081802.0 |
| 008 - FIXED-LENGTH DATA ELEMENTS--GENERAL INFORMATION | |
| fixed length control field | 170403s1940 nyua b 000 0 eng d |
| 035 ## - SYSTEM CONTROL NUMBER | |
| System control number | MITb10561413 |
| System control number | (BD-RjUL)68749 |
| System control number | GLIS00561413 |
| 040 ## - CATALOGING SOURCE | |
| Original cataloging agency | DLC |
| Transcribing agency | DLC |
| Modifying agency | MQM |
| -- | RCD |
| -- | BD-RjUL |
| Language of cataloging | eng |
| 041 ## - LANGUAGE CODE | |
| Language code of text/sound track or separate title | eng |
| 082 ## - DEWEY DECIMAL CLASSIFICATION NUMBER | |
| Edition number | 23 |
| Classification number | 592 |
| Author mark and year | HYI 1940 |
| 099 ## - LOCAL FREE-TEXT CALL NUMBER (OCLC) | |
| Bangla Class number | QL362.H996 |
| 100 1# - MAIN ENTRY--PERSONAL NAME | |
| Personal name | Hyman, Libbie Henrietta, |
| Dates associated with a name | 1888-1969. |
| 9 (RLIN) | 203139 |
| 245 14 - TITLE STATEMENT | |
| Title | The invertebrates : |
| Remainder of title | Protozoa through Ctenophora |
| Statement of responsibility, etc. | Libbie Henrietta Hyman. |
| 260 ## - PUBLICATION, DISTRIBUTION, ETC. (IMPRINT) | |
| Place of publication, distribution, etc. | New York : |
| Name of publisher, distributor, etc. | McGraw-Hill, |
| Date of publication, distribution, etc. | 1940 |
| 300 ## - PHYSICAL DESCRIPTION | |
| Pagination | x, 726 p. : |
| Illustrations | ill. ; |
| Size | 24 cm. |
| 490 1# - SERIES STATEMENT | |
| Series statement | McGraw-Hill publications in the zoological sciences |
| 500 ## - GENERAL NOTE | |
| General note | Vol. 6- has series: McGraw-Hill in the invertebrates. |
| General note | Vol. 4- lack edition statement. |
| 504 ## - BIBLIOGRAPHY, ETC. NOTE | |
| Bibliography, etc | Includes bibliographies and Indxes |
| 505 1# - FORMATTED CONTENTS NOTE | |
| Formatted contents note | [v. 1.] Protozoa through Ctenophora.--v. 2. Platyhelminthes and Rhynchocoela, the acoelomate Bilateria.--v. 3. Acanthocephala, Aschelminthes, and Entoprocta, the pseudocoelomate Bilateria.--v. 4. Echinodermata, the coelomate Bilateria.--v. 5. Smaller coelomate groups.--v. 6. Mollusca I. |
| 650 #0 - SUBJECT ADDED ENTRY--TOPICAL TERM | |
| Topical term or geographic name as entry element | Invertebrates. |
| 9 (RLIN) | 203140 |
| 830 #0 - SERIES ADDED ENTRY--UNIFORM TITLE | |
| Uniform title | McGraw-Hill publications in the zoological sciences. |
| 942 ## - ADDED ENTRY ELEMENTS (KOHA) | |
| Source of classification or shelving scheme | Dewey Decimal Classification |
| Koha item type | Books |
| Lost status | Source of classification or shelving scheme | Damaged status | Not for loan | Collection code | Permanent Location | Current Location | Shelving location | Date acquired | Source of acquisition | Cost, normal purchase price | Total Checkouts | Full call number | Date last seen | Copy number | Koha item type |
|---|---|---|---|---|---|---|---|---|---|---|---|---|---|---|---|
| Dewey Decimal Classification | Not For Loan | Non-fiction | Central Library, University of Rajshahi | Central Library, University of Rajshahi | Reading Room | 16/08/1968 | Swets and zeitlinger | 154.00 | 592 HYI 1940 | 03/04/2017 | C-1 | Books | |||
| Dewey Decimal Classification | Non-fiction | Central Library, University of Rajshahi | Central Library, University of Rajshahi | 16/08/1968 | Sweets & Zeitlinger | 154.00 | 592 HYI 1940 | 02/12/2018 | C-2 | Books |